[Event "ICS rated blitz match"]
[Site "207.99.83.227"]
[Date "1999.05.11"]
[Round "?"]
[White "Hossa"]
[Black "lunarlander"]
[Result "1-0"]
[WhiteElo "2412"]
[BlackElo "2159"]
[PlyCount "93"]

1. e4 c6 2. d4 d5 3. Nc3 g6 4. exd5 cxd5 5. Bb5+ Bd7 6. Qe2 Nf6 7. Bg5 Bg7 8.
Bxf6 Bxf6 9. Nxd5 Bxd4 10. O-O-O Bg7 11. Nf3 Nc6 12. Rhe1 e6 13. Nb4 Qb6 14.
Qc4 a6 15. Nd5 Qa5 16. Qf4 O-O 17. Nf6+ Bxf6 18. Qxf6 Qxb5 19. Rxd7 Rad8 20.
Rxd8 Rxd8 21. Ne5 Rf8 22. Ng4 Qh5 23. h3 h6 24. f4 Qa5 25. Rxe6 fxe6 26. Qxg6+
Kh8 27. Qxh6+ Kg8 28. Qxe6+ Kg7 29. g3 Qc5 30. Ne3 Rf6 31. Qd7+ Qe7 32. Qg4+
Kf8 33. Nd1 Qe6 34. c3 Qxg4 35. hxg4 Rh6 36. Nf2 Rh2 37. Ne4 b5 38. Kb1 a5 39.
g5 b4 40. Nf6 a4 41. Nd7+ Ke7 42. Nb6 a3 43. bxa3 bxa3 44. Nc4 Rg2 45. g4 Rxg4
46. Ne3 Rg3 47. Nf5+ {lunarlander resigns} 1-0

[Event "ICS rated blitz match"]
[Site "207.99.83.227"]
[Date "1999.05.11"]
[Round "?"]
[White "Hossa"]
[Black "gambit2"]
[Result "0-1"]
[WhiteElo "2418"]
[BlackElo "2459"]
[Annotator "Crafty v16.6"]
[PlyCount "144"]

{annotating for player ossa using a scoring margin of +0.20 pawns. search time
limit is 1:00} 1. e4 1... c5 2. Nc3 Nc6 3. Nf3 g6 4. Bc4 Bg7 5. d3 Na5 6. Bb5 (
{10:-0.14} 6. Bb5 6... a6 7. Ba4 b5 8. Bb3 Bb7 9. Nd2 Nf6 10. O-O 10... O-O $10
) ({10:+0.15} 6. e5 6... Nh6 7. O-O Nxc4 8. dxc4 O-O 9. Ne4 Ng4 10. Qd5 $10)
6... a6 7. Ba4 b5 8. Bb3 Bb7 9. e5 d5 10. exd6 Qxd6 11. Qe2 Bxc3+ 12. bxc3 Qf6
13. Bd2 Bxf3 14. gxf3 Rd8 15. Qe3 ({10:-0.46} 15. Qe3 15... c4 16. dxc4 Nxc4
17. Bxc4 bxc4 18. Qe4 Qd6 19. Bf4 Qd5 20. O-O 20... Nf6 $15) ({10:-0.17} 15.
O-O 15... Qd6 16. Bg5 Nf6 17. Rfe1 Nxb3 18. axb3 Nd5 19. d4 cxd4 20. cxd4 20...
Rd7 $10) 15... c4 16. dxc4 Nxc4 17. Bxc4 bxc4 18. O-O ({11:-0.65} 18. O-O 18...
Qf5 19. Rfd1 Nf6 20. Qe2 Qxc2 21. Qxc4 O-O 22. Rac1 Qf5 23. Bf4 $15) ({11:-0.43
} 18. Qe4 18... Qd6 19. Bf4 Qd5 20. Qe2 Nf6 21. O-O Qe6 22. Qxe6 fxe6 23. Rad1
23... O-O $15) 18... Qf5 19. Rac1 Nf6 20. Qe2 O-O 21. Bh6 Rfe8 22. Qxc4 Qxf3
23. Rfe1 ({9:-1.30} 23. Rfe1 23... Rc8 24. Qf4 Qxf4 25. Bxf4 Nd5 26. Bg5 f6 27.
c4 27... Rxc4 $17) ({9:-1.09} 23. Rce1 23... Qh3 24. Bg5 Rc8 25. Qe2 Nd5 26. c4
Nc3 27. Qd3 $17) 23... Rc8 24. Qh4 ({10:-1.59} 24. Qh4 24... Rxc3 25. Re3 Rxe3
26. Bxe3 Ng4 27. Qg3 Qe2 28. h3 Nf6 29. Bh6 $19) ({10:-1.25} 24. Qe2 24... Qxe2
25. Rxe2 Nd5 26. Rce1 Nxc3 27. Rxe7 Rxe7 28. Rxe7 Nxa2 29. Ra7 29... Nb4 $17)
24... Rxc3 25. Bd2 Ra3 26. Bg5 Nd5 27. Ra1 ({10:-2.24} 27. Ra1 27... Rc3 28.
Qa4 Rec8 29. Qe4 Qxe4 30. Rxe4 Rxc2 31. Bxe7 Nc3 32. Re5 32... Nxa2 $19) ({
10:-1.43} 27. c4 27... Nc3 28. Qg3 Qxg3+ 29. hxg3 Nxa2 30. Ra1 30... e5 $17)
27... Rc3 28. Rac1 Rec8 29. Qg3 Qxg3+ 30. hxg3 Rxc2 31. a4 f6 32. Bh6 Rxc1 33.
Bxc1 Kf7 34. Kh2 Rc4 35. a5 Rc2 36. Kg2 Ra2 37. g4 h5 38. Kg3 hxg4 39. Be3 f5
40. Bb6 Ra3+ 41. Kg2 Nf4+ 42. Kh2 Rh3+ 43. Kg1 g3 44. fxg3 Rxg3+ 45. Kf2 Rb3
46. Kg1 Nd3 47. Re2 e5 48. Re3 f4 49. Re4 Rb2 50. Rc4 f3 51. Rc7+ Ke6 52. Rc6+
Kf5 53. Ba7 Rg2+ 54. Kf1 Ra2 55. Kg1 Rxa5 56. Rc2 Kf4 57. Rd2 Kg3 58. Rd1 Ra2
59. Be3 Re2 60. Bb6 e4 61. Bc7+ Nf4 62. Bd6 Rg2+ 63. Kf1 Rh2 64. Bxf4+ Kxf4 65.
Rd4 Rh1+ 66. Kf2 g5 67. Rd3 Rh2+ 68. Kg1 exd3 69. Kxh2 d2 70. Kh3 d1=Q 71. Kh2
Qe2+ 72. Kh3 Qg2# 0-1

[Event "ICS rated blitz match"]
[Site "207.99.83.227"]
[Date "1999.05.11"]
[Round "?"]
[White "Hossa"]
[Black "Gorgonzola"]
[Result "1-0"]
[WhiteElo "2404"]
[BlackElo "2131"]
[PlyCount "95"]

1. e4 e6 2. Nf3 d5 3. exd5 exd5 4. Bb5+ c6 5. Be2 Bd6 6. O-O Ne7 7. d4 O-O 8.
Re1 Bg4 9. Nbd2 Nd7 10. Ng5 Bxe2 11. Qxe2 h6 12. Ngf3 Re8 13. Qd3 Ng6 14. Rxe8+
Qxe8 15. Qb3 b5 16. a4 a6 17. axb5 axb5 18. Qe3 Ne7 19. Rxa8 Qxa8 20. Ne5 Nxe5
21. dxe5 Bb8 22. Nb3 Ba7 23. Qg3 Nf5 24. Qg4 Qc8 25. Bxh6 Qe6 26. Bf4 c5 27.
Qg5 Bb6 28. h3 c4 29. Nd2 Nd4 30. c3 Ne2+ 31. Kf1 Nc1 32. Nxc4 dxc4 33. Bxc1 b4
34. cxb4 c3 35. bxc3 Qc4+ 36. Ke1 Qxc3+ 37. Bd2 Qa1+ 38. Ke2 Qa6+ 39. Kf3 Qb7+
40. Kg3 Qd5 41. Be3 Bc7 42. Qf5 Bxe5+ 43. f4 Bxf4+ 44. Qxf4 Qb3 45. Kh2 f6 46.
Qe4 g5 47. Qg6+ Kf8 48. Bc5# {Gorgonzola checkmated} 1-0

[Event "ICS rated blitz match"]
[Site "207.99.83.227"]
[Date "1999.05.11"]
[Round "?"]
[White "Gorgonzola"]
[Black "Hossa"]
[Result "0-1"]
[WhiteElo "2125"]
[BlackElo "2410"]
[PlyCount "42"]

1. d4 Nf6 2. c4 d6 3. Nc3 Nbd7 4. e4 e5 5. Nf3 Be7 6. g3 exd4 7. Nxd4 O-O 8.
Bg2 Ne5 9. b3 Bg4 10. f3 Be6 11. O-O Qd7 12. f4 Bg4 13. fxe5 Bxd1 14. exf6 Bxf6
15. Rxd1 Qg4 16. Be3 Rad8 17. Rf1 Be5 18. Rad1 a5 19. Nd5 c6 20. Nf4 Bxf4 21.
Rxf4 21... Qxd1+ {Gorgonzola resigns} 0-1

[Event "ICS rated blitz match"]
[Site "207.99.83.227"]
[Date "1999.05.11"]
[Round "?"]
[White "Hossa"]
[Black "Gorgonzola"]
[Result "1-0"]
[WhiteElo "2415"]
[BlackElo "2120"]
[PlyCount "129"]

1. e4 e6 2. Nf3 d5 3. exd5 exd5 4. Bb5+ c6 5. Be2 Bd6 6. O-O Ne7 7. d4 O-O 8.
Re1 Bg4 9. Nbd2 Nd7 10. Ng5 Bxe2 11. Qxe2 h6 12. Ngf3 Ng6 13. Qd3 Re8 14. Rxe8+
Qxe8 15. Nb3 Nf6 16. Be3 Qe4 17. Qxe4 Nxe4 18. Re1 Bc7 19. Nfd2 f5 20. f3 Nf6
21. Nc5 b6 22. Ne6 Bd6 23. g4 Kf7 24. gxf5 Nh4 25. Bf4 Bxf4 26. Nxf4 Nxf5 27.
Nb3 Re8 28. Rxe8 Nxe8 29. Nd3 Ke6 30. c3 Ned6 31. Ne5 Ne7 32. Nc1 c5 33. dxc5
bxc5 34. Ned3 c4 35. Nc5+ Kf5 36. Ne2 Nc6 37. h4 Nb5 38. Ng3+ Kf4 39. Kf2 g6
40. a4 Nd6 41. b4 d4 42. b5 dxc3 43. bxc6 c2 44. Ne2+ Ke5 45. Nb7 c3 46. f4+
Kd5 47. Nxd6 Kxd6 48. Ke3 Kxc6 49. Kd3 Kd5 50. Nxc3+ Ke6 51. Kxc2 Kf5 52. h5
gxh5 53. Ne2 h4 54. Kd3 h3 55. Ke3 h5 56. Ng3+ Kg6 57. Nf1 h4 58. Kf3 Kf5 59.
a5 Kf6 60. Kg4 Kg6 61. a6 Kf6 62. Kxh4 Kf5 63. Kg3 Ke4 64. Kg4 Kd3 65. f5 {
Gorgonzola resigns} 1-0

[Event "ICS Rated blitz match"]
[Site "207.99.83.227"]
[Date "1999.05.11"]
[Round "?"]
[White "Hossa"]
[Black "salzi"]
[Result "1-0"]
[WhiteElo "2420"]
[BlackElo "2077"]
[PlyCount "55"]

1. e4 c5 2. Nc3 g6 3. Be2 Bg7 4. Nf3 d6 5. d4 cxd4 6. Nxd4 Nc6 7. Be3 Bd7 8.
O-O Nf6 9. Qd3 O-O 10. Rad1 a6 11. Nxc6 Bxc6 12. f4 Rc8 13. a3 b5 14. Bd4 Qc7
15. e5 dxe5 16. fxe5 Nd7 17. e6 fxe6 18. Bxg7 Kxg7 19. Qh3 Rxf1+ 20. Bxf1 Qe5
21. Qh4 Qf6 22. Qg3 Ne5 23. Re1 Nf7 24. Qg4 Qf5 25. Qxf5 gxf5 26. Rxe6 Kf8 27.
a4 Nd8 28. Re5 {salzi resigns} 1-0

[Event "ICS rated blitz match"]
[Site "207.99.83.227"]
[Date "1999.05.11"]
[Round "?"]
[White "salzi"]
[Black "Hossa"]
[Result "0-1"]
[WhiteElo "2071"]
[BlackElo "2424"]
[PlyCount "54"]

1. d4 Nf6 2. c4 d6 3. Nc3 Nbd7 4. e4 e5 5. d5 Be7 6. f4 Nc5 7. Bd3 Ng4 8. Nf3
Bh4+ 9. Nxh4 Qxh4+ 10. g3 Nxd3+ 11. Qxd3 Qe7 12. f5 O-O 13. h3 Nf6 14. Bg5 c5
15. g4 a6 16. Bh4 b5 17. cxb5 axb5 18. Nxb5 Ba6 19. a4 Rfb8 20. O-O Qd8 21. b3
Rb6 22. Rab1 Rab8 23. Qf3 Bxb5 24. axb5 Rxb5 25. g5 Nxe4 26. f6 Nd2 27. Qh5
27... g6 {salzi resigns} 0-1

[Event "ICS rated blitz match"]
[Site "207.99.83.227"]
[Date "1999.05.11"]
[Round "?"]
[White "Hossa"]
[Black "UBet"]
[Result "1-0"]
[WhiteElo "2428"]
[BlackElo "2249"]
[PlyCount "45"]

1. e4 e5 2. f4 Nc6 3. Ne2 exf4 4. Nxf4 Nf6 5. Nc3 Bc5 6. Bc4 O-O 7. d3 a6 8.
Nfd5 Nxd5 9. Bxd5 Qh4+ 10. g3 Qf6 11. Rf1 Qg6 12. Na4 Ba7 13. Qd2 Ne7 14. Bb3
Nc6 15. Nc3 Nd4 16. Nd5 Qd6 17. Qg5 Nxb3 18. axb3 f6 19. Qf4 Bc5 20. Nxc7 Qxf4
21. Bxf4 Ra7 22. Nd5 b5 23. b4 {UBet resigns} 1-0

[Event "ICS rated blitz match"]
[Site "207.99.83.227"]
[Date "1999.05.11"]
[Round "?"]
[White "zenner"]
[Black "Hossa"]
[Result "0-1"]
[WhiteElo "2073"]
[BlackElo "2445"]
[PlyCount "46"]

1. e4 e5 2. Nf3 Nf6 3. d3 Nc6 4. Be2 Be7 5. O-O d5 6. exd5 Nxd5 7. Nc3 O-O 8.
Nxd5 Qxd5 9. Nd2 Nd4 10. Bf3 Nxf3+ 11. Nxf3 Bg4 12. Be3 c6 13. h3 Bh5 14. g4
Bg6 15. Nh2 Bf6 16. f4 exf4 17. Rxf4 Be5 18. Rf2 Bxb2 19. Rb1 Rfe8 20. Rxb2
Rxe3 21. Qf1 Rg3+ 22. Rg2 Rxg2+ 23. Qxg2 23... Qd4+ {zenner resigns} 0-1

[Event "ICS rated blitz match"]
[Site "207.99.83.227"]
[Date "1999.05.11"]
[Round "?"]
[White "Hossa"]
[Black "TheComputer"]
[Result "0-1"]
[WhiteElo "2448"]
[BlackElo "2806"]
[Annotator "Crafty v16.6"]
[PlyCount "71"]

{annotating for player ossa using a scoring margin of +0.20 pawns. search time
limit is 1:00} 1. e4 1... c5 2. Nc3 Nc6 3. Nf3 d6 4. d4 cxd4 5. Nxd4 Nf6 6. Bb5
Bd7 7. O-O g6 8. Bg5 Bg7 9. Bxf6 ({9:-0.05} 9. Bxf6 9... Bxf6 10. Bxc6 bxc6 11.
Qd3 O-O 12. Rad1 Rb8 13. b3 Bg7 14. a3 $10) ({9:+0.21} 9. Nxc6 9... bxc6 10.
Bc4 Qa5 11. Qc1 Qc5 12. Bd3 O-O 13. Bh6 13... Qd4 $10) 9... Bxf6 10. Bxc6 bxc6
11. Qd3 Rb8 12. b3 O-O 13. Rad1 Qa5 14. Qg3 Bg7 15. f4 ({10:-0.74} 15. f4 15...
Qc5 16. Qe3 a5 17. f5 gxf5 18. Na4 Bxd4 19. Rxd4 Qe5 20. Qg5+ 20... Kh8 $17) ({
10:-0.34} 15. Qe3 15... Qc5 16. Rd3 Rfd8 17. Re1 e5 18. Nf3 Qxe3 19. Rexe3 Bg4
20. Ng5 $15) 15... e5 16. fxe5 Bxe5 17. Qe3 f5 18. exf5 c5 19. Nde2 Bxf5 20.
Qd2 Bg4 21. Qd3 Kh8 22. Rde1 Bf5 23. Ne4 Rfe8 24. N2c3 ({9:-1.19} 24. N2c3
24... Bd4+ 25. Kh1 Bxc3 26. Qxc3+ Qxc3 27. Nxc3 Bxc2 28. Kg1 Kg7 29. Nd5 29...
Bd3 $17) ({9:-0.89} 24. Kh1 24... Bxe4 25. Qxe4 Bxh2 26. Qh4 Be5 27. Rf7 Bg7
28. a4 28... Qd2 $17) 24... Re6 25. Nd5 ({9:-2.30} 25. Nd5 25... Bd4+ 26. Kh1
Rbe8 27. b4 Qxa2 28. Ndc3 Qb2 29. Na4 29... Qxb4 $19) ({9:-0.91} 25. Qd2 25...
Bd4+ 26. Kh1 Qb4 27. a3 Qxa3 28. Ng3 Rxe1 29. Rxe1 Rf8 30. Re7 $17) 25... Rbe8
26. Kh1 ({10:-4.30} 26. Kh1 26... Bg7 27. Nf4 Bxe4 28. Rxe4 Rxe4 29. Qxd6 Qc3
30. Qd3 Qd4 31. Qxd4 31... cxd4 $19) ({10:-1.91} 26. c3 26... Bg7 27. Rf4 Bh6
28. Rh4 Bg5 29. Rxh7+ Kxh7 30. Nxg5+ Kh6 31. Nf7+ Kg7 32. Rxe6 Bxd3 33. Rxe8
33... Kxf7 $19) 26... Bg7 27. b4 ({10:-5.05} 27. b4 27... cxb4 28. Qd2 Bxe4 29.
Nxb4 Rc8 30. Rf4 Bc3 31. Qxc3+ Rxc3 32. Rfxe4 $19) ({10:-4.35} 27. Nf4 27...
Bxe4 28. Nxe6 Bxd3 29. cxd3 Qxa2 30. Nxg7 Rxe1 31. Rxe1 Kxg7 32. Re7+ 32... Kf6
$19) 27... cxb4 28. Qd2 Bxe4 29. Nxb4 Qa4 30. Rd1 ({10:-5.71} 30. Rd1 30...
Bxg2+ 31. Qxg2 Qxb4 32. Qc6 Qh4 33. Rd3 Be5 34. Qg2 Kg8 35. Rdf3 $19) ({
10:-5.46} 30. Rb1 30... a5 31. Nd5 Bxc2 32. Nc3 Qc4 33. Qxc2 Bxc3 34. Rf3 34...
Rc8 $19) 30... Bxg2+ 31. Qxg2 Qxb4 32. Qd5 Re2 33. Rd3 Qh4 34. h3 Rf2 35. Rxf2
Qxf2 36. Re3 0-1

[Event "ICS rated blitz match"]
[Site "207.99.83.227"]
[Date "1999.05.11"]
[Round "?"]
[White "xypher"]
[Black "Hossa"]
[Result "1-0"]
[WhiteElo "2764"]
[BlackElo "2446"]
[Annotator "Crafty v16.6"]
[PlyCount "70"]

{annotating for player ossa using a scoring margin of +0.20 pawns. search time
limit is 1:00} 1. d4 1... Nf6 2. c4 d6 3. Nc3 Nbd7 4. e4 e5 5. Nf3 Be7 6. Be2
O-O 7. O-O c5 ({10:-0.48} 7... c5 8. d5 Nb6 9. Qd3 Bg4 10. Be3 Qd7 11. Rad1
Rad8 12. Ng5 $14) ({10:-0.11} 7... exd4 8. Nxd4 Nc5 9. Bf3 Ncd7 10. Nf5 Ne5 11.
Nxe7+ Qxe7 12. Be2 Bg4 13. Nd5 Nxd5 14. Bxg4 Nxg4 15. Qxd5 $10) 8. dxe5 dxe5 ({
11:-0.70} 8... dxe5 9. Qd3 Qc7 10. Bg5 Qd8 11. Rad1 Re8 12. Nb5 a6 13. Nc3
13... Ng4 $14) ({11:-0.41} 8... Nxe5 9. Nxe5 dxe5 10. Qxd8 Bxd8 11. Be3 b6 12.
f3 Nh5 13. Nd5 Bh4 14. Rad1 14... Rd8 $14) 9. Qd3 a5 10. Nd5 Ra6 11. Bd2 Nxd5
12. cxd5 f5 ({10:-1.71} 12... f5 13. exf5 Nb6 14. Nxe5 Ra8 15. Bf3 Bxf5 16. Qb5
Nxd5 17. Qxb7 $18) ({10:-0.87} 12... Rd6 13. Bc3 Bf6 14. Nd2 b6 15. Nc4 Ba6 16.
Qf3 Bxc4 17. Bxc4 17... Bh4 $16) 13. exf5 Rd6 14. Qc2 a4 15. Rad1 Nf6 16. Ng5
Qe8 ({10:-2.65} 16... Qe8 17. Bc3 Qd7 18. Bxe5 Qxf5 19. Qxf5 Bxf5 20. Bxd6 Bxd6
21. Ne6 21... Re8 $18) ({10:-1.72} 16... Nxd5 17. f6 Nxf6 18. Bc4+ Kh8 19. Nf7+
Rxf7 20. Bxf7 Bg4 21. f3 Bh5 22. Bc4 $18) 17. Bf3 a3 18. Bc3 axb2 19. Bxe5 Rb6
20. Ne6 Rf7 21. Bxb2 Bd7 22. Rd2 Ba4 ({9:-3.14} 22... Ba4 23. Qc3 Bb5 24. Rfd1
Qd7 25. Nxc5 Qxf5 26. d6 26... Bd8 $18) ({9:-2.81} 22... Bd6 23. Re1 Qb8 24. h3
Bf4 25. Nxf4 Qxf4 26. Be5 Qg5 27. Rdd1 $18) 23. Qc3 Qc8 ({9:-4.09} 23... Qc8
24. Ng5 Rf8 25. d6 Rxd6 26. Rxd6 Bxd6 27. Qc4+ Kh8 28. Qxa4 28... Qxf5 $18) ({
9:-3.09} 23... Bb5 24. Re1 Bd6 25. Ba3 c4 26. Bxd6 Rxd6 27. a4 Ba6 28. Qe5 $18)
24. Ng5 Rf8 25. d6 Bxd6 26. Ne4 Bxh2+ 27. Kxh2 Qc7+ ({8:-4.55} 27... Qc7+ 28.
Kg1 Nxe4 29. Bxe4 Bb5 30. Re1 Ba6 31. Bd5+ Kh8 32. Be6 32... Qe7 $18) ({8:-4.30
} 27... Qxf5 28. Qxc5 Qf4+ 29. Kg1 Qxd2 30. Nxd2 Rxb2 31. Qd6 31... Bc2 $18)
28. Kg1 Nxe4 29. Bxe4 Bb5 ({8:-4.81} 29... Bb5 30. Rc1 c4 31. Qd4 Kh8 32. a4
Ba6 33. Qd5 $18) ({8:-4.56} 29... Rh6 30. Qc4+ Kh8 31. f4 b5 32. Qd5 c4 33. Ba3
Re8 34. Bd6 $18) 30. Rc1 c4 31. Qb4 Rd8 32. Be5 Rdd6 33. Bxd6 Be8 34. Bd5+ Kh8
35. Re1 Bc6 1-0

[Event "ICS Rated blitz match"]
[Site "207.99.83.227"]
[Date "1999.05.11"]
[Round "?"]
[White "LittleGoliath"]
[Black "Hossa"]
[Result "1-0"]
[WhiteElo "2605"]
[BlackElo "2442"]
[Annotator "Crafty v16.6"]
[PlyCount "179"]

{annotating for player ossa using a scoring margin of +0.20 pawns. search time
limit is 1:00} 1. d4 1... Nf6 2. c4 d6 3. Nf3 g6 4. Nc3 Bg7 5. e4 Bg4 6. Be2
O-O 7. O-O Nc6 8. Be3 e5 ({9:-0.77} 8... e5 9. d5 Ne7 10. Qd2 Bd7 11. Bh6 Bxh6
12. Qxh6 Ng4 13. Qg5 $16) ({9:-0.52} 8... e6 9. h3 Bxf3 10. Bxf3 Nd7 11. Qd2
Nb6 12. Qd3 Qh4 13. Bg4 $14) 9. d5 Nb4 ({10:-1.14} 9... Nb4 10. Qb3 c5 11. a3
Na6 12. Qxb7 Qb6 13. Qxb6 axb6 14. Ng5 Nc7 15. Bxg4 15... Nxg4 $16) ({10:-0.70
} 9... Ne7 10. Qd2 Bd7 11. Bh6 Bxh6 12. Qxh6 Ng4 13. Qg5 Nc8 14. Rae1 Qxg5 15.
Nxg5 $14) 10. Qb3 a5 11. a3 Na6 12. Qxb7 Qb8 13. Qxb8 Raxb8 14. Rab1 Nd7 ({
10:-1.55} 14... Nd7 15. h3 Bxf3 16. Bxf3 Nac5 17. Nb5 Rb7 18. b4 axb4 19. Rxb4
Nd3 20. Rb3 $18) ({10:-1.27} 14... Rfe8 15. Rfe1 Bd7 16. Bd1 Rb7 17. Bc2 Ng4
18. Bg5 Nc5 19. a4 $16) 15. h3 Bxf3 16. Bxf3 Ndc5 17. Kh2 Nb3 18. Bg5 f6 ({
10:-1.33} 18... f6 19. Be3 Nd4 20. Bg4 f5 21. exf5 Nxf5 22. Kg1 Nxe3 23. Be6+
Kh8 24. fxe3 Rxf1+ 25. Kxf1 $16) ({10:-1.12} 18... Nac5 19. Bd1 Nd3 20. Nb5
Nbc5 21. Bf3 f5 22. exf5 Rxf5 23. Be7 23... e4 $16) 19. Be3 f5 20. exf5 Rxf5 ({
11:-1.69} 20... Rxf5 21. Bg4 Rff8 22. Ne4 h6 23. Be6+ Kh8 24. Rfe1 Nd4 25. Kg1
Nc2 26. Re2 Nxe3 27. Rxe3 $18) ({11:-1.24} 20... gxf5 21. Rfd1 e4 22. Be2 Be5+
23. Kg1 f4 24. Ba7 Rb7 25. Nb5 Ra8 26. Bd4 Nxd4 27. Nxd4 Bxd4 28. Rxd4 $16) 21.
Bg4 Rff8 22. Be6+ Kh8 23. Ne4 Nd4 ({11:-1.64} 23... Nd4 24. Bg4 Ra8 25. Kg1 h6
26. Bd2 a4 27. Bd7 Nb8 28. Be6 28... Nbc6 $18) ({11:-1.40} 23... Nbc5 24. Nxc5
Nxc5 25. Bxc5 dxc5 26. f3 Rb3 27. Bd7 e4 28. fxe4 Rxf1 29. Rxf1 Be5+ 30. Kg1
30... Rxb2 $16) 24. Rfe1 Nc2 25. Rh1 Nxe3 26. fxe3 Rb3 27. Rhe1 Bh6 28. Nc3 Rf2
29. Nd1 Rf6 ({11:-0.67} 29... Rf6 30. Kg1 Nc5 31. Bg4 Ne4 32. h4 Bg7 33. Be6
Nc5 34. Bg4 34... Nd3 $14) ({11:-0.05} 29... Rc2 30. Bd7 Rxc4 31. Nc3 Nc5 32.
Bb5 Rbxc3 33. bxc3 Rxc3 34. e4 Bf4+ 35. g3 35... Rxg3 $10) 30. Rc1 Nc5 31. Rc3
Rb8 32. Bg4 Rbf8 33. b4 Ne4 34. Rc2 axb4 35. axb4 Bg7 36. h4 R6f7 37. Bf3 Nf6
38. Nc3 Rb8 39. b5 Re8 40. Kg3 Ref8 41. Ne4 Bh6 42. Ng5 Bxg5 43. hxg5 Nd7 44.
Ra1 Nc5 45. Ra7 Kg7 46. Rca2 e4 47. Bg4 Re8 48. Rf2 Rfe7 49. Rf4 Nd3 50. Rf1
Nb4 51. Rb1 Nc2 52. Rb3 h5 53. gxh6+ Kxh6 54. Ra2 Ne1 55. b6 cxb6 56. Rxb6 Rc7
57. Rxd6 Re5 58. Ra1 Nc2 59. Kf4 Ree7 60. Bf5 Nxa1 61. Rxg6+ Kh7 62. d6 Kh8 63.
dxe7 Rxe7 64. Bxe4 Nb3 65. g4 Nd2 66. Rh6+ Kg7 67. Rh7+ Kf8 68. Rxe7 Kxe7 69.
c5 Nb3 70. c6 Nc5 71. Ke5 Ne6 72. Bf5 Nc7 73. g5 Ke8 74. g6 Ke7 75. e4 Kf8 76.
Kd6 Ne8+ 77. Kd7 Nf6+ 78. Kd8 Kg7 79. c7 Kh6 80. e5 Nh5 81. c8=Q Ng3 82. Qc1+
Kg7 83. Qc7+ Kh6 84. Qh7+ Kg5 85. g7 Kf4 86. g8=Q Ne2 87. Qh6+ Kxf5 88. Qgg6+
Kxe5 89. Qe3+ Kd5 90. Qge6# 1-0

[Event "ICS rated blitz match"]
[Site "207.99.83.227"]
[Date "1999.05.11"]
[Round "?"]
[White "Hossa"]
[Black "casparov"]
[Result "0-1"]
[WhiteElo "2435"]
[BlackElo "2143"]
[Annotator "Crafty v16.6"]
[PlyCount "137"]

{annotating for player ossa using a scoring margin of +0.20 pawns. search time
limit is 1:00} 1. e4 1... e6 2. Nf3 d5 3. exd5 exd5 4. Bb5+ c6 5. Be2 Bd6 6.
O-O Nf6 7. d4 O-O 8. Re1 Bf5 9. Bg5 Qb6 10. Bxf6 Qxb2 11. Nbd2 gxf6 12. Bd3
Bxd3 13. cxd3 b6 14. Re2 ({10:-0.17} 14. Re2 14... Qa3 15. Nb1 Qa6 16. Qd2 Qc8
17. Nc3 Qf5 18. Rae1 18... Bf4 $10) ({10:+0.34} 14. Nb3 14... Kh8 15. Nh4 Ba3
16. Qg4 Qc2 17. Qf5 Kg8 18. Re3 18... Bb2 $14) 14... Qb4 15. Qc2 Rd8 16. Rae1
Bf8 17. Nf1 Qd6 18. Qc1 Qa3 19. Qf4 Nd7 20. Qf5 Bg7 21. Ne3 ({10:+0.00} 21. Ne3
21... Nf8 22. Rc2 Ng6 23. Qg4 Rd6 24. Qf5 24... Rdd8 $10) ({10:+0.39} 21. Ng3
21... Kh8 22. Nh5 Qd6 23. Nxg7 Kxg7 24. Nh4 Kg8 25. Qg4+ Kh8 26. Re7 26... Ne5
$14) 21... Nf8 22. Qg4 ({10:-0.38} 22. Qg4 22... Qxd3 23. Rc2 Rac8 24. Nf5 Ng6
25. Rd2 Qc3 26. Nxg7 Kxg7 27. Re7 Qc1+ 28. Re1 $15) ({10:-0.12} 22. Ng4 22...
Rd6 23. Re7 Re6 24. R7xe6 fxe6 25. Nxf6+ Bxf6 26. Qxf6 Qxd3 27. Ng5 Qd2 28.
Qf7+ Kh8 29. Qf6+ 29... Kg8 $10) 22... Ng6 23. Nf5 Bf8 24. Qh3 ({10:-0.73} 24.
Qh3 24... Qxd3 25. Rd2 Qa3 26. Re3 Qc1+ 27. Re1 Qc3 28. Rde2 c5 29. Re3 $17) ({
10:+0.00} 24. h4 24... Bb4 25. Rd1 Qa4 26. Rb1 Qa3 27. Rd1 $10) 24... Qxd3 25.
Qh5 Kh8 26. Rd2 Qb5 27. Kh1 ({10:-0.90} 27. Kh1 27... Re8 28. Ra1 Kg8 29. Kg1
Rad8 30. Nh6+ Bxh6 31. a4 Qc4 32. Qxh6 $17) ({10:-0.67} 27. Ne3 27... Re8 28.
Qf5 Re6 29. Nc2 Ne7 30. Qh5 Rxe1+ 31. Ncxe1 Kg8 32. Qg4+ Bg7 33. Qd7 $15) 27...
Re8 28. Ra1 Kg8 29. Rg1 Qc4 30. Ne3 Qa4 31. Re2 Re6 32. Rb2 Rae8 33. Rgb1 Ba3
34. Nf5 Qc4 35. h4 Qd3 36. Rb3 Qc2 37. Nh6+ Kg7 38. Nf5+ Kh8 39. Nh6 Qxa2 40.
Qf5 Kg7 41. Ng4 h5 42. Qxh5 Rh8 43. Qf5 Nxh4 44. Nxh4 Rxh4+ 45. Rh3 Rxh3+ 46.
gxh3 Qd2 47. Ne3 Kf8 48. Qf4 Bd6 49. Qh4 Qd3 50. Rc1 Ke7 51. Qg4 Kd7 52. Ra1 a5
53. Nf5 Qe2 54. Qxe2 Rxe2 55. Kg2 Bc7 56. Ra3 b5 57. h4 b4 58. Rb3 Re4 59. Rf3
a4 60. Rd3 b3 61. Rd1 a3 62. h5 b2 63. h6 a2 64. h7 Re8 65. Rh1 b1=Q 66. Rxb1
axb1=Q 67. Ne3 Qxh7 68. Kf3 Rb8 69. Kg2 0-1

[Event "ICS rated blitz match"]
[Site "207.99.83.227"]
[Date "1999.05.12"]
[Round "?"]
[White "fidelito"]
[Black "Hossa"]
[Result "0-1"]
[WhiteElo "2299"]
[BlackElo "2417"]
[PlyCount "46"]

1. e4 e5 2. Nf3 Nf6 3. Nc3 Bb4 4. Nxe5 Qe7 5. Nd3 Bxc3 6. dxc3 Qxe4+ 7. Qe2 O-O
8. Bg5 Qf5 9. Bxf6 Qxf6 10. O-O-O d6 11. f4 Be6 12. Kb1 Qf5 13. h3 Nc6 14. g4
Qd5 15. b3 Qxh1 16. Bg2 Qh2 17. Rh1 Qg3 18. f5 Bd7 19. f6 Rfe8 20. Qd2 gxf6 21.
Nf4 Qh4 22. Nh5 Kh8 23. Qh6 23... Qg5 {fidelito resigns} 0-1

[Event "ICS rated blitz match"]
[Site "207.99.83.227"]
[Date "1999.05.12"]
[Round "?"]
[White "DrHugoELO"]
[Black "Hossa"]
[Result "0-1"]
[WhiteElo "2203"]
[BlackElo "2436"]
[PlyCount "50"]

1. c4 g6 2. Nc3 e5 3. g3 Bb4 4. Nd5 Bd6 5. d3 c6 6. Ne3 Nf6 7. Bg2 O-O 8. Nf3
Na6 9. O-O Bb8 10. Nc2 d5 11. cxd5 Nxd5 12. a3 Nc5 13. Nb4 Nxb4 14. axb4 Ne6
15. Be3 Qf6 16. Bh3 Nd4 17. Bg5 Nxf3+ 18. exf3 Qxg5 19. Bxc8 Rxc8 20. Qe2 Rd8
21. Rfc1 Qf5 22. Qe4 Rxd3 23. Rxc6 bxc6 24. Qxc6 Qxf3 25. Qc8+ 25... Kg7 {
DrHugoELO resigns} 0-1

[Event "ICS rated blitz match"]
[Site "207.99.83.227"]
[Date "1999.05.12"]
[Round "?"]
[White "nimraz"]
[Black "Hossa"]
[Result "1-0"]
[WhiteElo "2229"]
[BlackElo "2443"]
[Annotator "Crafty v16.6"]
[PlyCount "78"]

{annotating for player ossa using a scoring margin of +0.20 pawns. search time
limit is 1:00} 1. Nf3 1... d5 2. g3 Nf6 3. Bg2 c6 4. O-O e6 5. b3 Nbd7 6. Bb2
Bd6 7. d3 O-O 8. c4 dxc4 9. bxc4 Qa5 10. Qc2 Qh5 11. Nc3 Qg4 12. h3 Qg6 13. e4
e5 ({10:-3.16} 13... e5 14. Nh4 Qh5 15. Bf3 Qh6 16. Bc1 g5 17. Nf5 Qxh3 18.
Nxd6 $18) ({10:-0.23} 13... Ne5 14. Nxe5 Bxe5 15. Rab1 Rd8 16. Qd2 Nh5 17. Ne2
Qf6 18. Bxe5 Qxe5 19. Qe3 $10) 14. Nh4 Qh5 15. Bf3 Qh6 16. Bc1 g5 17. Nf5 Qxh3
18. Nxd6 Ng4 19. Bxg4 Qxg4 20. Kg2 Nc5 21. Nxc8 Raxc8 ({11:-3.67} 21... Raxc8
22. Be3 Ne6 23. f3 Qh5 24. Rh1 Qg6 25. Bxa7 g4 26. Qf2 gxf3+ 27. Qxf3 27... Qg5
$18) ({11:-3.29} 21... Rfxc8 22. Be3 Ne6 23. f3 Qh5 24. Qe2 Rd8 25. Rh1 Qg6 26.
Rab1 26... b6 $18) 22. f3 Qd7 23. Rd1 g4 ({10:-3.48} 23... g4 24. fxg4 Rfd8 25.
Bg5 Nxd3 26. Bxd8 Rxd8 27. Nd5 cxd5 28. Qxd3 $18) ({10:-3.07} 23... Ne6 24. Be3
b6 25. Qd2 Qe7 26. g4 Qf6 27. Rab1 Rfd8 28. a4 $18) 24. f4 exf4 25. Bxf4 Rcd8
26. d4 Ne6 27. Be3 Qe7 ({9:-3.73} 27... Qe7 28. Qe2 f5 29. d5 Ng7 30. Bxa7 fxe4
31. Qxe4 Qf6 32. Bd4 $18) ({9:-3.21} 27... Ng7 28. d5 b6 29. c5 b5 30. Rab1 a6
31. d6 31... Nh5 $18) 28. d5 Ng5 29. Bxg5 Qxg5 30. Qd2 Qf6 31. Rf1 Qg7 32. Rf4
Rd7 33. Rh1 Re8 34. Rh4 Kh8 35. Rhxg4 Qe5 36. Rf5 Rd6 37. Rxe5 Rxe5 38. Qd4 f6
39. c5 Rd7 1-0